College Football Rankings (2020-24) - Statistics

General Stats
  • This quiz has been taken 57 times
  • The average score is 96 of 125
Answer Stats
Year Rank Current Conference College % Correct
2024 1 Big Ten Ohio State
100%
2023 10 Big Ten Ohio State
100%
2022 4 Big Ten Ohio State
100%
2021 6 Big Ten Ohio State
100%
2020 2 Big Ten Ohio State
100%
2024 2 Independent Notre Dame
97%
2023 14 Independent Notre Dame
97%
2022 18 Independent Notre Dame
97%
2021 8 Independent Notre Dame
97%
2020 5 Independent Notre Dame
97%
2024 3 Big Ten Oregon
97%
2023 7 Big Ten Oregon
97%
2022 15 Big Ten Oregon
97%
2021 22 Big Ten Oregon
97%
2024 4 SEC Texas
97%
2023 3 SEC Texas
97%
2022 25 SEC Texas
97%
2020 19 SEC Texas
97%
2024 17 SEC Alabama
95%
2023 5 SEC Alabama
95%
2022 5 SEC Alabama
95%
2021 2 SEC Alabama
95%
2020 1 SEC Alabama
95%
2023 1 Big Ten Michigan
92%
2022 3 Big Ten Michigan
92%
2021 3 Big Ten Michigan
92%
2024 9 SEC Tennessee
92%
2023 17 SEC Tennessee
92%
2022 6 SEC Tennessee
92%
2024 8 Mountain West Boise State
90%
2024 6 SEC Georgia
90%
2023 4 SEC Georgia
90%
2022 1 SEC Georgia
90%
2021 1 SEC Georgia
90%
2020 7 SEC Georgia
90%
2023 15 SEC Oklahoma
90%
2021 10 SEC Oklahoma
90%
2020 6 SEC Oklahoma
90%
2024 14 ACC Clemson
87%
2023 20 ACC Clemson
87%
2022 13 ACC Clemson
87%
2021 14 ACC Clemson
87%
2020 3 ACC Clemson
87%
2024 25 Big Twelve Colorado
87%
2024 5 Big Ten Penn State
87%
2023 13 Big Ten Penn State
87%
2022 7 Big Ten Penn State
87%
2020 13 SEC Florida
85%
2023 6 ACC Florida State
85%
2022 11 ACC Florida State
85%
2024 10 Big Ten Indiana
85%
2020 12 Big Ten Indiana
85%
2023 24 Big Ten Iowa
82%
2021 23 Big Ten Iowa
82%
2020 16 Big Ten Iowa
82%
2020 4 SEC Texas A&M
82%
2022 12 Big Ten USC
82%
2020 21 Big Ten USC
82%
2023 2 Big Ten Washington
82%
2022 8 Big Ten Washington
82%
2023 11 Big Twelve Arizona
79%
2024 7 Big Twelve Arizona State
79%
2024 13 Big Twelve BYU
79%
2021 19 Big Twelve BYU
79%
2020 11 Big Twelve BYU
79%
2023 12 SEC LSU
79%
2022 16 SEC LSU
79%
2021 9 Big Ten Michigan State
79%
2024 19 SEC South Carolina
79%
2022 23 SEC South Carolina
79%
2022 2 Big Twelve TCU
79%
2023 23 Big Twelve Kansas
77%
2021 18 SEC Kentucky
77%
2024 18 ACC Miami
77%
2020 22 ACC Miami
77%
2020 18 ACC North Carolina
77%
2023 16 Big Twelve Oklahoma State
77%
2021 7 Big Twelve Oklahoma State
77%
2020 20 Big Twelve Oklahoma State
77%
2021 5 Big Twelve Baylor
74%
2024 16 Big Ten Illinois
74%
2024 15 Big Twelve Iowa State
74%
2020 9 Big Twelve Iowa State
74%
2024 11 SEC Ole Miss
74%
2023 9 SEC Ole Miss
74%
2021 11 SEC Ole Miss
74%
2022 17 PAC Twelve Oregon State
74%
2024 12 ACC SMU
74%
2023 22 ACC SMU
74%
2022 10 Big Twelve Utah
74%
2021 12 Big Twelve Utah
74%
2024 22 SEC Missouri
72%
2023 8 SEC Missouri
72%
2021 21 SEC Arkansas
69%
2023 18 Big Twelve Kansas State
69%
2022 14 Big Twelve Kansas State
69%
2024 20 ACC Syracuse
69%
2022 21 Big Ten UCLA
69%
2022 20 SEC Mississippi State
67%
2022 22 ACC Pittsburgh
67%
2021 13 ACC Pittsburgh
67%
2021 4 Big Twelve Cincinnati
64%
2020 8 Big Twelve Cincinnati
64%
2020 10 Big Ten Northwestern
59%
2021 15 ACC Wake Forest
59%
2024 21 American Army
56%
2021 17 Big Twelve Houston
56%
2023 19 ACC Louisville
56%
2021 24 Mountain West Utah State
56%
2024 23 Mountain West UNLV
54%
2023 21 ACC NC State
51%
2021 20 ACC NC State
51%
2021 25 Mountain West San Diego State
49%
2022 9 American Tulane
49%
2022 24 Mountain West Fresno State
44%
2024 24 American Memphis
44%
2023 25 Conference USA Liberty
41%
2020 17 Conference USA Liberty
41%
2020 24 Mountain West San Jose State
41%
2020 14 Sun Belt Coastal Carolina
36%
2021 16 Sun Belt Louisiana
36%
2020 15 Sun Belt Louisiana
36%
2020 25 MAC Buffalo
28%
2020 23 MAC Ball State
21%
2022 19 Sun Belt Troy
18%
No matching quizzes found
Score Distribution
Percent of People with Each Score
Percentile by Number Answered
Your Score History
You have not taken this quiz